000 00608cab a2200217 4500
001 X97296
008 090401t1999 xxu||||| |||| 00| 0 eng d
035 _a(Sirsi) u91969
041 _aeng
245 _aDirector of Public Prosecutions v Jones and another
260 _c1999
350 _a0
490 _aNew Property Cases
_v[1999] NPC 31, (4)
650 _aACCESS
650 _aDIRECTOR OF PUBLIC PROSECUTIONS V JONES AND ANOTHER
650 _aPUBLIC HIGHWAYS
650 _aPUBLIC ORDER ACT 1986
690 _aHIGHWAYS RIGHTS OF WAY AND EASEMENTS-CASE LAW
942 _n0
948 _c11/03/1999
999 _c58318
_d58318